[Event "Isthmia 2011"]
[Site "Vrachati"]
[Date "2011.08.18"]
[Round "1.27"]
[White "Stoumbou, Eleni"]
[Black "Filippas, Sebastian"]
[Result "1-0"]
[WhiteElo "1873"]
[BlackElo "2246"]
[PlyCount "59"]
[EventDate "2011.08.18"]

1. e4 c5 2. Nf3 d6 3. d4 cxd4 4. Nxd4 Nf6 5. Nc3 g6 6. Be3 Bg7 7. f3 a6 8. Qd2
Nbd7 9. O-O-O b5 10. Nc6 Qc7 11. Nb4 Bb7 12. g4 Qd8 13. h4 h5 14. g5 Nh7 15.
Nbd5 O-O 16. Bd4 Ne5 17. Qf2 e6 18. Ne3 Rc8 19. f4 b4 20. Bxe5 Bxe5 21. fxe5
bxc3 22. Nc4 Bxe4 23. Rxd6 cxb2+ 24. Kb1 Qc7 25. Rh3 Rfd8 26. Rxd8+ Qxd8 27.
Nd6 Bxc2+ 28. Kxb2 Rc7 29. Rc3 Qb8+ 30. Kxc2 1-0

[Event "Isthmia 2011"]
[Site "Vrachati"]
[Date "2011.08.18"]
[Round "1.28"]
[White "Azis, Azizis Ektoras"]
[Black "Fragkou, Eleni"]
[Result "1/2-1/2"]
[WhiteElo "2246"]
[BlackElo "1864"]
[PlyCount "84"]
[EventDate "2011.08.18"]

1. e4 c5 2. Nc3 Nc6 3. f4 g6 4. Nf3 Bg7 5. g3 d6 6. Bg2 e6 7. O-O Nge7 8. d3
O-O 9. h3 a6 10. Kh2 Qc7 11. Qe1 Bd7 12. Nd1 Rae8 13. c3 Kh8 14. Qf2 f5 15.
exf5 gxf5 16. Be3 Nd5 17. Bd2 Nce7 18. c4 Nf6 19. Bc3 Ng6 20. Ng1 e5 21. Ne2 b5
22. b3 b4 23. Bb2 exf4 24. Nxf4 Nxf4 25. gxf4 Bc6 26. Ne3 Bxg2 27. Nxg2 d5 28.
Be5 Rxe5 29. fxe5 Qxe5+ 30. Qf4 Qb2 31. Rae1 Ne4 32. dxe4 Be5 33. Re2 Qc3 34.
exd5 Bxf4+ 35. Nxf4 Rg8 36. Rg2 Rxg2+ 37. Kxg2 Qc2+ 38. Rf2 Qe4+ 39. Kg3 Qe3+
40. Rf3 Qe5 41. Rf2 Qe3+ 42. Rf3 Qe5 1/2-1/2

[Event "Isthmia 2011"]
[Site "Vrachati"]
[Date "2011.08.18"]
[Round "1.29"]
[White "Theodorou, Nikolas"]
[Black "Tsekouras, Theodoros"]
[Result "0-1"]
[WhiteElo "1859"]
[BlackElo "2223"]
[PlyCount "66"]
[EventDate "2011.08.18"]

1. c4 Nf6 2. Nc3 g6 3. g3 Bg7 4. Bg2 O-O 5. d3 d6 6. Rb1 a5 7. e4 e5 8. Nge2 c6
9. O-O Na6 10. h3 Nc7 11. f4 exf4 12. Nxf4 Ne6 13. Be3 Nxf4 14. gxf4 Re8 15.
Qd2 d5 16. cxd5 cxd5 17. exd5 Bf5 18. Bd4 Qd7 19. Kh2 Rac8 20. Rbc1 b5 21. Bxf6
Bxf6 22. Ne4 Bd4 23. Qxa5 Rxc1 24. Rxc1 Bxe4 25. dxe4 Be3 26. Rc6 Bxf4+ 27. Kh1
Rxe4 28. Qc3 Re8 29. Qf3 Qf5 30. Qf1 Qg5 31. Qf2 Bg3 32. Qf6 Qd2 33. Rc8 Rxc8
0-1

[Event "Isthmia 2011"]
[Site "Vrachati"]
[Date "2011.08.18"]
[Round "1.30"]
[White "Pavlidou, Ekaterini"]
[Black "Gkikas, Hristos"]
[Result "1-0"]
[WhiteElo "2220"]
[BlackElo "1853"]
[PlyCount "105"]
[EventDate "2011.08.18"]

1. d4 Nf6 2. c4 e6 3. Nc3 Bb4 4. e3 b6 5. Nge2 Bb7 6. a3 Be7 7. d5 e5 8. Ng3 d6
9. Bd3 Nbd7 10. O-O g6 11. e4 Bf8 12. h3 Bg7 13. Be3 h5 14. Qc1 Nh7 15. b4 h4
16. Nh1 Bc8 17. Rd1 O-O 18. f3 f5 19. Nf2 f4 20. Bd2 Ndf6 21. c5 Nh5 22. cxd6
cxd6 23. Nb5 Rf7 24. Qc6 Bd7 25. Qc7 Qxc7 26. Nxc7 Rc8 27. Ne6 Bxe6 28. dxe6
Rfc7 29. Ba6 Re8 30. Rac1 Rxc1 31. Bxc1 Bf8 32. Bc4 Be7 33. Bb2 Nf8 34. b5 Ng7
35. Nd3 Ngxe6 36. Nb4 Kf7 37. Nc6 Ra8 38. Bd5 Rc8 39. a4 Rc7 40. Ba3 Rd7 41.
Bb4 Kf6 42. a5 Nc5 43. axb6 axb6 44. Ra1 Nfe6 45. Be1 g5 46. Ra6 Nxa6 47. bxa6
Nc7 48. Nb8 Rd8 49. a7 Rh8 50. Bf2 Nxd5 51. exd5 Rc8 52. a8=Q Rc1+ 53. Kh2 1-0

[Event "Isthmia 2011"]
[Site "Vrachati"]
[Date "2011.08.19"]
[Round "2.1"]
[White "Tiviakov, Sergei"]
[Black "Javakhishvili, Lela"]
[Result "1/2-1/2"]
[WhiteElo "2623"]
[BlackElo "2469"]
[PlyCount "154"]
[EventDate "2011.08.18"]

1. e4 c5 2. Nf3 e6 3. b3 a6 4. Bb2 Nc6 5. c4 d6 6. d4 cxd4 7. Nxd4 Bd7 8. Nc3
Nf6 9. Be2 Be7 10. O-O O-O 11. Nc2 Ne5 12. Re1 Bc6 13. Bf1 Qb8 14. Nd4 Bd7 15.
a4 Re8 16. Qd2 b6 17. Rad1 Qb7 18. Kh1 Nc6 19. Nxc6 Bxc6 20. Qf4 Qc7 21. Ba3
Rad8 22. Rd2 Rd7 23. Red1 Red8 24. f3 Ne8 25. Qe3 Bf8 26. Bb2 Qb8 27. Ne2 Nc7
28. Bd4 Na8 29. Ng3 b5 30. cxb5 axb5 31. Rc2 Rc7 32. a5 Bd7 33. Rcd2 e5 34. Bb2
b4 35. Nf5 Bxf5 36. exf5 Rdc8 37. Ba6 Re8 38. Bc4 Qa7 39. Qe4 Rec8 40. f6 g6
41. h4 Rxc4 42. bxc4 Qa6 43. Rc2 Qxa5 44. f4 exf4 45. Qxf4 Nc7 46. Re2 Qh5 47.
Rde1 g5 48. Qxg5+ Qxg5 49. hxg5 Ne6 50. Re4 Nxg5 51. Re8 Rxc4 52. R1e3 h6 53.
Rg3 d5 54. Be5 Re4 55. Rd3 b3 56. Rxd5 Ne6 57. Bb2 Kh7 58. Rd3 Rh4+ 59. Rh3 Rb4
60. Rc8 Bc5 61. Bc1 Bf8 62. Bb2 Bc5 63. Rh5 Bd4 64. Rh4 Rb5 65. Bxd4 Nxd4 66.
Rg4 Ne6 67. Rc1 h5 68. Rg3 Rb4 69. Kh2 b2 70. Rb1 Kh6 71. Rc3 Nd4 72. Rd3 Ne2
73. g3 h4 74. Rd2 hxg3+ 75. Kg2 Nf4+ 76. Kxg3 Nh5+ 77. Kh2 Nxf6 1/2-1/2

[Event "Isthmia 2011"]
[Site "Vrachati"]
[Date "2011.08.19"]
[Round "2.2"]
[White "Shoker, Samy"]
[Black "Baklan, Vladimir"]
[Result "1/2-1/2"]
[WhiteElo "2475"]
[BlackElo "2620"]
[PlyCount "47"]
[EventDate "2011.08.18"]

1. g3 d5 2. Bg2 g6 3. c4 e6 4. Nf3 Bg7 5. O-O Nc6 6. d4 Nge7 7. Nc3 O-O 8. e3
b6 9. cxd5 exd5 10. b3 a5 11. a3 h6 12. Bb2 Be6 13. Ne1 Qd7 14. Nd3 Bh3 15.
Bxh3 Qxh3 16. Qf3 Qd7 17. b4 a4 18. Rac1 Rfd8 19. Rc2 Na7 20. Rd1 Qe8 21. Nf4
Qd7 22. Nd3 Qe8 23. Nf4 Qd7 24. Nd3 1/2-1/2

[Event "Isthmia 2011"]
[Site "Vrachati"]
[Date "2011.08.19"]
[Round "2.3"]
[White "Atalik, Suat"]
[Black "Galopoulos, Nikolaos"]
[Result "1-0"]
[WhiteElo "2619"]
[BlackElo "2327"]
[PlyCount "61"]
[EventDate "2011.08.18"]

1. d4 Nf6 2. c4 e6 3. Nc3 Bb4 4. Qc2 O-O 5. Nf3 b6 6. e4 d5 7. e5 Ne4 8. Bd3
Bb7 9. O-O Bxc3 10. bxc3 c5 11. dxc5 Nd7 12. cxd5 exd5 13. Be3 Rc8 14. Rfd1 Qc7
15. cxb6 axb6 16. Bd4 Ndc5 17. Rab1 Ne6 18. Qb2 Ba8 19. Rbc1 Nf4 20. Bf1 Qd7
21. Kh1 Rc6 22. g3 Qg4 23. Ng1 Rg6 24. Re1 f6 25. e6 Re8 26. h3 Qg5 27. h4 Qg4
28. e7 Rh6 29. Kh2 g5 30. Nh3 gxh4 31. gxf4 1-0

[Event "Isthmia 2011"]
[Site "Vrachati"]
[Date "2011.08.19"]
[Round "2.4"]
[White "Georgiadis, Ioannis"]
[Black "Volkov, Sergey"]
[Result "0-1"]
[WhiteElo "2464"]
[BlackElo "2607"]
[PlyCount "94"]
[EventDate "2011.08.18"]

1. e4 e6 2. d4 d5 3. Nc3 Nf6 4. e5 Nfd7 5. f4 c5 6. Nf3 Nc6 7. Be3 Be7 8. Qd2
O-O 9. Be2 b6 10. O-O Bb7 11. Nd1 a5 12. Nf2 Ba6 13. Nd3 Nb4 14. c3 Nxd3 15.
Bxd3 Qc8 16. g4 Bxd3 17. Qxd3 f5 18. gxf5 c4 19. Qe2 Rxf5 20. Rf2 Nf8 21. Nd2
Ng6 22. Nf1 Nh4 23. Bd2 Rf7 24. b3 b5 25. Ng3 g6 26. Rff1 Bf8 27. Rab1 Rb8 28.
Kh1 Nf5 29. Rfc1 Ng7 30. bxc4 bxc4 31. Rxb8 Qxb8 32. Qd1 Rb7 33. Qa4 Rb2 34.
Rc2 Qb5 35. Qxb5 Rxb5 36. Bc1 Rb1 37. Kg2 a4 38. Kf3 Kf7 39. Ne2 a3 40. Ng3 Be7
41. Ne2 Ne8 42. Ng3 Nc7 43. Nf1 Nb5 44. Ke2 Ra1 45. Be3 Bd8 46. Bd2 Bb6 47. Be3
Rxa2 0-1

[Event "Isthmia 2011"]
[Site "Vrachati"]
[Date "2011.08.19"]
[Round "2.5"]
[White "Peralta, Fernando"]
[Black "Pavlidou, Ekaterini"]
[Result "1-0"]
[WhiteElo "2601"]
[BlackElo "2220"]
[PlyCount "77"]
[EventDate "2011.08.18"]

1. d4 Nf6 2. c4 e6 3. Nc3 Bb4 4. e3 O-O 5. Bd3 d5 6. Nf3 c5 7. O-O Nc6 8. a3
Bxc3 9. bxc3 dxc4 10. Bxc4 Qc7 11. Be2 e5 12. d5 Rd8 13. e4 Na5 14. Bg5 Qd6 15.
Nd2 h6 16. Be3 Nd7 17. f4 f6 18. c4 b6 19. f5 Nf8 20. Rf3 Qe7 21. Rg3 Kh8 22.
h4 Nb7 23. Rh3 Nd6 24. g4 Nh7 25. a4 Bd7 26. Bd3 Be8 27. Nf3 Nf7 28. Ra2 Kg8
29. Rg2 Rd6 30. Kf2 Rc8 31. Qh1 Bxa4 32. g5 fxg5 33. hxg5 Nhxg5 34. Bxg5 hxg5
35. Nxg5 Nxg5 36. Rh8+ Kf7 37. Qh5+ g6 38. fxg6+ Rxg6 39. Rh7+ 1-0

[Event "Isthmia 2011"]
[Site "Vrachati"]
[Date "2011.08.19"]
[Round "2.6"]
[White "Nikolaidis, Konstantinos"]
[Black "Solak, Dragan"]
[Result "0-1"]
[WhiteElo "2274"]
[BlackElo "2598"]
[PlyCount "136"]
[EventDate "2011.08.18"]

1. d4 d5 2. c4 c6 3. Nf3 Nf6 4. Nc3 dxc4 5. a4 Bf5 6. e3 e6 7. Bxc4 Bb4 8. O-O
O-O 9. Qe2 Nbd7 10. e4 Bg6 11. Bd3 Bh5 12. e5 Nd5 13. Nxd5 cxd5 14. Qe3 Be7 15.
Bd2 Nb8 16. Ne1 Bg6 17. f4 Nc6 18. g4 f5 19. h3 Rc8 20. Bc3 Nb4 21. Bb1 Rf7 22.
a5 b5 23. axb6 Qxb6 24. Rf2 a5 25. Ng2 Rff8 26. Qd2 Qb5 27. Ne3 Rcd8 28. Qd1
Nc6 29. Rg2 Bb4 30. Bc2 Ne7 31. Ba4 Qb6 32. Rc1 Rf7 33. g5 Rff8 34. Bxb4 axb4
35. Rc5 Be8 36. Bxe8 Rfxe8 37. Rgc2 Ra8 38. Rc1 Rec8 39. Qd3 Rxc5 40. Rxc5 Ra5
41. Qc2 b3 42. Qc3 Ra4 43. Nf1 Qb4 44. Nd2 Qxd4+ 45. Qxd4 Rxd4 46. Nxb3 Rxf4
47. Rc7 Kf7 48. Na5 Kf8 49. Nb7 Rb4 50. Rd7 Nc6 51. Nc5 Nd4 52. Nb7 Nf3+ 53.
Kf1 Nxe5 54. Rc7 Rxb2 55. Nc5 Rb6 56. Ke2 d4 57. h4 Rd6 58. h5 d3+ 59. Kd1 Rc6
60. Rxc6 Nxc6 61. Nxe6+ Kf7 62. Nf4 Ne5 63. Kd2 Nf3+ 64. Kxd3 Nxg5 65. Ke3 Kf6
66. Nd5+ Ke5 67. Nf4 Ne6 68. Nh3 f4+ 0-1

[Event "Isthmia 2011"]
[Site "Vrachati"]
[Date "2011.08.19"]
[Round "2.7"]
[White "Banikas, Hristos"]
[Black "Valden, Petros"]
[Result "1-0"]
[WhiteElo "2593"]
[BlackElo "2201"]
[PlyCount "53"]
[EventDate "2011.08.18"]

1. Nf3 c5 2. g3 Nf6 3. Bg2 g6 4. c3 Bg7 5. d4 cxd4 6. cxd4 O-O 7. Nc3 d6 8. O-O
Nc6 9. d5 Nb4 10. h3 Bd7 11. Nd4 a5 12. Be3 Rc8 13. Qd2 Rc4 14. Rfc1 Qa8 15. a3
Na6 16. b3 Rcc8 17. b4 axb4 18. axb4 Qb8 19. Rab1 Rc7 20. Kh2 Qc8 21. b5 Nb8
22. Na4 Rxc1 23. Rxc1 Qd8 24. Qb4 Ne8 25. Nb3 Nf6 26. Na5 Qe8 27. Nb6 1-0

[Event "Isthmia 2011"]
[Site "Vrachati"]
[Date "2011.08.19"]
[Round "2.8"]
[White "Tsekouras, Theodoros"]
[Black "Kotronias, Vasilios"]
[Result "0-1"]
[WhiteElo "2223"]
[BlackElo "2588"]
[PlyCount "58"]
[EventDate "2011.08.18"]

1. d4 Nf6 2. c4 g6 3. g3 Bg7 4. Bg2 O-O 5. Nc3 d6 6. Nf3 Nbd7 7. O-O e5 8. e4
c6 9. h3 Qb6 10. Re1 exd4 11. Nxd4 Re8 12. Re2 Qb4 13. Rc2 Nc5 14. Bd2 Qb6 15.
Be3 Qc7 16. f3 a6 17. Nde2 Ncd7 18. Qd2 Ne5 19. b3 Bxh3 20. Rd1 Bxg2 21. Kxg2
Bf8 22. Bh6 Bxh6 23. Qxh6 Qe7 24. Rcd2 b5 25. cxb5 axb5 26. Qh4 b4 27. Na4 d5
28. Rh1 dxe4 29. fxe4 Neg4 0-1

[Event "Isthmia 2011"]
[Site "Vrachati"]
[Date "2011.08.19"]
[Round "2.9"]
[White "Burmakin, Vladimir"]
[Black "Kostouros, Alexandros"]
[Result "1-0"]
[WhiteElo "2579"]
[BlackElo "2166"]
[PlyCount "61"]
[EventDate "2011.08.18"]

1. Nf3 d5 2. c4 d4 3. b4 c5 4. bxc5 Nc6 5. d3 e5 6. g3 Bxc5 7. Bg2 f5 8. O-O
Nf6 9. Ba3 Qa5 10. Bxc5 Qxc5 11. Nbd2 O-O 12. Rb1 Rb8 13. Ne1 Bd7 14. Qb3 b6
15. Nc2 Rbe8 16. Qa3 Qxa3 17. Nxa3 e4 18. Nc2 exd3 19. exd3 Re2 20. Rbd1 Rd8
21. Rfe1 Rxe1+ 22. Rxe1 Kf7 23. Nb3 Ng4 24. Ncxd4 Nce5 25. Nc1 Bc8 26. Bd5+ Kf6
27. h3 Rxd5 28. cxd5 Nh6 29. f4 Nef7 30. Nc6 a5 31. Ne2 1-0

[Event "Isthmia 2011"]
[Site "Vrachati"]
[Date "2011.08.19"]
[Round "2.10"]
[White "Kokolias, Konstantinos"]
[Black "Svetushkin, Dmitry"]
[Result "0-1"]
[WhiteElo "2205"]
[BlackElo "2576"]
[PlyCount "96"]
[EventDate "2011.08.18"]

1. e4 g6 2. d4 Bg7 3. Nc3 c6 4. f4 d5 5. e5 Qb6 6. Na4 Qc7 7. Be3 Nh6 8. h3 Bf5
9. Nf3 Nd7 10. Be2 Be4 11. O-O Nf5 12. Bf2 Bxf3 13. Bxf3 h5 14. b3 e6 15. c4 h4
16. Qd2 Rd8 17. cxd5 cxd5 18. Rfc1 Qb8 19. Be2 Bf8 20. a3 Be7 21. Bd3 Rc8 22.
Rxc8+ Qxc8 23. Rc1 Qd8 24. b4 Nb6 25. Nc5 Qa8 26. a4 Nc4 27. Bxc4 dxc4 28. d5
b6 29. Na6 Qb7 30. b5 exd5 31. Qxd5 Qxd5 32. Nc7+ Kd7 33. Nxd5 Rc8 34. Bxb6 Ba3
35. Rc2 axb6 36. Nxb6+ Kd8 37. Nxc8 Bc5+ 38. Kh2 Ne3 39. Nd6 Bxd6 40. Rxc4 Nxc4
41. exd6 Kd7 42. g3 Kxd6 43. gxh4 f5 44. Kg3 Kd5 45. h5 gxh5 46. Kh4 Ke4 47.
Kg5 h4 48. b6 Na5 0-1

[Event "Isthmia 2011"]
[Site "Vrachati"]
[Date "2011.08.19"]
[Round "2.11"]
[White "Rozentalis, Eduardas"]
[Black "Kouvatsos, Filippos"]
[Result "1-0"]
[WhiteElo "2571"]
[BlackElo "2152"]
[PlyCount "85"]
[EventDate "2011.08.18"]

1. e4 c6 2. d4 d5 3. Nc3 dxe4 4. Nxe4 Bf5 5. Ng3 Bg6 6. Bc4 e6 7. N1e2 Bd6 8.
h4 h6 9. Nf4 Bxf4 10. Bxf4 Nf6 11. c3 O-O 12. Qe2 Nbd7 13. h5 Bh7 14. O-O Nd5
15. Bd6 Re8 16. Bb3 N7b6 17. Bc5 Nf4 18. Qf3 Qc7 19. Rad1 Nd7 20. Ba3 a5 21.
Rfe1 Nb6 22. Ne4 Rad8 23. Bc5 Nfd5 24. c4 Bxe4 25. Qxe4 Nf6 26. Qe5 Qxe5 27.
dxe5 Nfd7 28. Bd6 a4 29. Bc2 Ra8 30. Bd3 Nc8 31. Bb4 c5 32. Bc3 Ndb6 33. Be2
Ne7 34. Rd6 Nc6 35. Red1 Kf8 36. f4 Ke7 37. Be1 Red8 38. Bh4+ f6 39. Bg4 Nxc4
40. exf6+ gxf6 41. Rxe6+ Kf7 42. Rxf6+ Kg7 43. Rg6+ 1-0

[Event "Isthmia 2011"]
[Site "Vrachati"]
[Date "2011.08.19"]
[Round "2.12"]
[White "Gripeos, Kiriakos"]
[Black "Nikolaidis, Ioannis"]
[Result "0-1"]
[WhiteElo "2127"]
[BlackElo "2545"]
[PlyCount "53"]
[EventDate "2011.08.18"]

1. e4 g6 2. d4 Bg7 3. Nf3 c6 4. Be2 d6 5. O-O Nd7 6. a4 Ngf6 7. Nc3 Qc7 8. a5
O-O 9. h3 e5 10. dxe5 dxe5 11. Be3 Rd8 12. Qb1 Nf8 13. Bc4 Be6 14. Qa2 b5 15.
Bxe6 Nxe6 16. b4 Bf8 17. Qb2 Nd4 18. Bg5 Qe7 19. Bxf6 Nxf3+ 20. gxf3 Qxf6 21.
Kg2 Rd4 22. Na2 Rad8 23. Rae1 Rd2 24. Qb3 Qg5+ 25. Kh2 R8d4 26. Re3 Bh6 27. c3
0-1

[Event "Isthmia 2011"]
[Site "Vrachati"]
[Date "2011.08.19"]
[Round "2.13"]
[White "Mastrovasilis, Athanasios"]
[Black "Michelakos, Panagiotis"]
[Result "1-0"]
[WhiteElo "2537"]
[BlackElo "2111"]
[PlyCount "71"]
[EventDate "2011.08.18"]

1. d4 Nf6 2. c4 g6 3. Nc3 Bg7 4. e4 d6 5. Bd3 O-O 6. Nge2 e5 7. d5 Nfd7 8. O-O
Nc5 9. Bc2 a5 10. a3 f5 11. exf5 Bxf5 12. Be3 Nbd7 13. Ng3 Qh4 14. Nxf5 gxf5
15. f4 e4 16. Nb5 Rac8 17. Bd4 Bxd4+ 18. Nxd4 Qf6 19. b4 axb4 20. axb4 Nd3 21.
Ne6 Nxb4 22. Nxf8 Rxf8 23. Rb1 Qc3 24. Bxe4 fxe4 25. Qg4+ Kh8 26. Qxd7 Qxc4 27.
Qe7 Kg8 28. Qg5+ Kh8 29. Qe7 Kg8 30. Kh1 Nd3 31. f5 Qxd5 32. f6 Rf7 33. Qd8+
Rf8 34. Qxc7 Rf7 35. Qc8+ Rf8 36. Qg4+ 1-0

[Event "Isthmia 2011"]
[Site "Vrachati"]
[Date "2011.08.19"]
[Round "2.14"]
[White "Skiadopoulos, Nikolaos"]
[Black "Shanava, Konstantine"]
[Result "0-1"]
[WhiteElo "2111"]
[BlackElo "2535"]
[PlyCount "68"]
[EventDate "2011.08.18"]

1. e4 g6 2. d4 Bg7 3. Nc3 c6 4. Nf3 d5 5. e5 Bg4 6. Be2 e6 7. O-O Nd7 8. h3
Bxf3 9. Bxf3 Ne7 10. Bg5 h6 11. Bxe7 Qxe7 12. Re1 O-O 13. Ne2 c5 14. c3 Rac8
15. Qd2 Rc7 16. Rac1 Rfc8 17. g3 b5 18. Nf4 a5 19. Kh2 Qf8 20. h4 h5 21. Nh3
Bh6 22. Ng5 b4 23. Rg1 bxc3 24. bxc3 cxd4 25. cxd4 Qa3 26. Rxc7 Rxc7 27. Qe2
Bxg5 28. hxg5 Qe7 29. Qe3 Rc2 30. Rc1 Rxc1 31. Qxc1 Qb4 32. Qe3 Nb8 33. Bxd5
exd5 34. e6 Qe7 0-1

[Event "Isthmia 2011"]
[Site "Vrachati"]
[Date "2011.08.19"]
[Round "2.15"]
[White "Kapnisis, Spyridon"]
[Black "Hrisanthopoulos, Dimitrios"]
[Result "0-1"]
[WhiteElo "2529"]
[BlackElo "2076"]
[PlyCount "48"]
[EventDate "2011.08.18"]

1. d4 Nf6 2. c4 e6 3. Nc3 Bb4 4. e3 d5 5. a3 Bxc3+ 6. bxc3 O-O 7. cxd5 exd5 8.
Bd3 c5 9. Ne2 Nc6 10. O-O Re8 11. Ng3 Be6 12. f3 Rc8 13. Bb2 cxd4 14. cxd4 Na5
15. e4 dxe4 16. fxe4 Bc4 17. Kh1 Bxd3 18. Qxd3 Nc4 19. Bc3 Ne5 20. Qd2 Nfg4 21.
h3 Qc7 22. Rac1 Nc4 23. Qd3 Nce3 24. Rf3 Qxg3 0-1

[Event "Isthmia 2011"]
[Site "Vrachati"]
[Date "2011.08.19"]
[Round "2.16"]
[White "Xylogiannopoulos, Antonios"]
[Black "Sethuraman, S P."]
[Result "0-1"]
[WhiteElo "2104"]
[BlackElo "2529"]
[PlyCount "84"]
[EventDate "2011.08.18"]

1. e4 c5 2. Nf3 d6 3. d4 cxd4 4. Nxd4 Nf6 5. Nc3 e6 6. g4 a6 7. g5 Nfd7 8. Be3
b5 9. a3 Bb7 10. f4 Nb6 11. Qg4 N8d7 12. Bd3 Qc7 13. O-O Be7 14. Qh3 Nc4 15. g6
Nxe3 16. gxf7+ Kxf7 17. Qxe3 Bf6 18. Nf3 Bxc3 19. bxc3 Qxc3 20. Ng5+ Ke7 21. f5
Qc5 22. Qxc5 Nxc5 23. fxe6 Rhf8 24. e5 dxe5 25. Nxh7 Rxf1+ 26. Rxf1 Nxe6 27.
Bf5 Nd4 28. Ng5 Bd5 29. Bd3 Rc8 30. Re1 Kd6 31. Ne4+ Bxe4 32. Bxe4 Rc3 33. Rf1
Rxa3 34. Rf7 g5 35. Rg7 Re3 36. Bd3 e4 37. Rg6+ Ne6 38. Bf1 Ke5 39. c4 b4 40.
c5 b3 41. Bc4 Nxc5 42. Rxg5+ Kd4 0-1

[Event "Isthmia 2011"]
[Site "Vrachati"]
[Date "2011.08.19"]
[Round "2.17"]
[White "Del Rio De Angelis, Salvador G"]
[Black "Stoumbou, Eleni"]
[Result "1-0"]
[WhiteElo "2509"]
[BlackElo "1873"]
[PlyCount "41"]
[EventDate "2011.08.18"]

1. d4 d5 2. c4 c6 3. Nf3 e6 4. e3 Nf6 5. Nc3 Nbd7 6. Bd3 dxc4 7. Bxc4 b5 8. Bd3
a6 9. a4 b4 10. Nb1 c5 11. O-O Bb7 12. Nbd2 cxd4 13. exd4 g6 14. Nc4 Nb6 15.
Nce5 Bxf3 16. Qxf3 Nbd5 17. Bg5 Bg7 18. Be4 O-O 19. Ng4 h5 20. Nxf6+ Nxf6 21.
Bxf6 1-0

[Event "Isthmia 2011"]
[Site "Vrachati"]
[Date "2011.08.19"]
[Round "2.18"]
[White "Kasparov, Sergey"]
[Black "Papasimakopoulos, Alexandros"]
[Result "1-0"]
[WhiteElo "2503"]
[BlackElo "1835"]
[PlyCount "61"]
[EventDate "2011.08.18"]

1. e4 e6 2. d4 d5 3. Nd2 Nf6 4. e5 Nfd7 5. Bd3 c5 6. c3 Nc6 7. Ne2 cxd4 8. cxd4
f6 9. exf6 Nxf6 10. Nf3 Bd6 11. O-O Qc7 12. g3 O-O 13. Bf4 Ng4 14. Bxd6 Qxd6
15. Nc3 e5 16. dxe5 Ncxe5 17. Be2 Be6 18. Nb5 Qb6 19. Nbd4 Bd7 20. Qb3 Qxb3 21.
axb3 a5 22. Rfd1 b6 23. Nxe5 Nxe5 24. f4 Nc6 25. Nxc6 Bxc6 26. Rac1 Rf6 27. Bf3
Rd8 28. Rc3 Kf7 29. Rdc1 Rdd6 30. Rxc6 Rxc6 31. Rxc6 1-0

[Event "Isthmia 2011"]
[Site "Vrachati"]
[Date "2011.08.19"]
[Round "2.19"]
[White "Amiridou, Dimitra"]
[Black "Skembris, Spyridon"]
[Result "0-1"]
[WhiteElo "1664"]
[BlackElo "2475"]
[PlyCount "100"]
[EventDate "2011.08.18"]

1. e4 c5 2. Nf3 Nc6 3. d4 cxd4 4. Nxd4 Qb6 5. Nb3 Nf6 6. Nc3 e6 7. Bd3 a6 8.
O-O d6 9. Be3 Qc7 10. f4 b5 11. Qf3 Bb7 12. a3 Be7 13. Rad1 b4 14. axb4 Nxb4
15. g4 d5 16. g5 dxe4 17. Nxe4 Nxe4 18. Bxe4 Bxe4 19. Qxe4 O-O 20. Nd4 Bc5 21.
c3 Nd5 22. Rf3 Nxe3 23. Rxe3 a5 24. Kh1 Rab8 25. Rh3 g6 26. Nc6 Rxb2 27. Ne5
Be7 28. Rhd3 Qb7 29. Qxb7 Rxb7 30. Rd7 Rxd7 31. Rxd7 Bc5 32. Rc7 Bd6 33. Ra7
Bxe5 34. fxe5 Rc8 35. Rxa5 Rxc3 36. Kg2 Rd3 37. Kf2 Rh3 38. Rb5 Kg7 39. Kg2 Rh5
40. h4 Rxh4 41. Kg3 Rd4 42. Rb7 Re4 43. Rb5 h5 44. gxh6+ Kxh6 45. Kf3 Rd4 46.
Rb7 Kg7 47. Ra7 g5 48. Rb7 Kg6 49. Re7 Rf4+ 50. Kg3 Re4 0-1

[Event "Isthmia 2011"]
[Site "Vrachati"]
[Date "2011.08.19"]
[Round "2.20"]
[White "Spirakopoulos, Ioannis"]
[Black "Kelires, Andreas"]
[Result "1/2-1/2"]
[WhiteElo "2155"]
[BlackElo "1825"]
[PlyCount "82"]
[EventDate "2011.08.18"]

1. Nf3 Nf6 2. g3 d5 3. Bg2 e6 4. O-O c6 5. d3 Bd6 6. Nbd2 O-O 7. e4 Nbd7 8. Re1
e5 9. Nf1 Re8 10. Nh4 Nc5 11. exd5 Nxd5 12. Ne3 Be6 13. Nc4 f6 14. d4 exd4 15.
Nxd6 Qxd6 16. Qxd4 Rad8 17. Be3 Nxe3 18. Qxd6 Rxd6 19. Rxe3 Kf7 20. Rae1 Red8
21. b3 a5 22. f4 Rd1 23. Kf2 R1d2+ 24. R1e2 Rxe2+ 25. Kxe2 Na6 26. a3 Nc7 27.
f5 Bd5 28. c4 Bxg2 29. Nxg2 g6 30. g4 g5 31. Rd3 Rxd3 32. Kxd3 Ke7 33. Kd4 b6
34. b4 axb4 35. axb4 Na6 36. c5 b5 37. Kc3 Nb8 38. Ne3 Nd7 39. Nc2 Ne5 40. h3
Nf3 41. Nd4 Nxd4 1/2-1/2

[Event "Isthmia 2011"]
[Site "Vrachati"]
[Date "2011.08.19"]
[Round "2.21"]
[White "Linos, Efstathios"]
[Black "Jojua, Davit"]
[Result "0-1"]
[WhiteElo "1875"]
[BlackElo "2505"]
[PlyCount "60"]
[EventDate "2011.08.18"]

1. d4 Nf6 2. Nf3 g6 3. g3 c5 4. c3 b6 5. Bg2 Bb7 6. O-O Bg7 7. b3 O-O 8. Bb2
cxd4 9. cxd4 Na6 10. Nbd2 d6 11. Rc1 Qd7 12. Qc2 Bh6 13. Rfd1 Rac8 14. Qb1 Rxc1
15. Bxc1 Nc7 16. e3 Ncd5 17. Bb2 Rc8 18. Rc1 Rxc1+ 19. Bxc1 Nc3 20. Qc2 Ne2+
21. Kf1 Ba6 22. Ke1 Nd5 23. Nc4 Nxc1 24. Qxc1 Qc7 25. Qa3 Bxc4 26. bxc4 Qxc4
27. Nd2 Qc3 28. Qxa7 Nxe3 29. Qb8+ Kg7 30. fxe3 Bxe3 0-1

[Event "Isthmia 2011"]
[Site "Vrachati"]
[Date "2011.08.19"]
[Round "2.22"]
[White "Zeppos, Panagiotis"]
[Black "Gogolis, Alexandros"]
[Result "1-0"]
[WhiteElo "1949"]
[BlackElo "2261"]
[PlyCount "43"]
[EventDate "2011.08.18"]

1. d4 g6 2. e4 Bg7 3. Nc3 c5 4. Nf3 cxd4 5. Nxd4 Nc6 6. Be3 Nf6 7. Bc4 Qa5 8.
O-O d6 9. h3 O-O 10. Bb3 Bd7 11. Nde2 Rac8 12. f4 Rfe8 13. Qd2 Qc7 14. Rad1
Red8 15. Ng3 Na5 16. Qf2 b6 17. e5 dxe5 18. fxe5 Qxe5 19. Bd4 Qb8 20. Nd5 Re8
21. Bxf6 Nxb3 22. Nxe7+ 1-0

[Event "Isthmia 2011"]
[Site "Vrachati"]
[Date "2011.08.19"]
[Round "2.23"]
[White "Hatzoudis, Gerasimos"]
[Black "Azis, Azizis Ektoras"]
[Result "0-1"]
[WhiteElo "1830"]
[BlackElo "2246"]
[PlyCount "106"]
[EventDate "2011.08.18"]

1. d4 g6 2. c4 Bg7 3. Nc3 d6 4. e4 c6 5. Nf3 Bg4 6. Be3 Na6 7. Be2 Nf6 8. O-O
O-O 9. Nd2 Bxe2 10. Qxe2 Qa5 11. a3 Qh5 12. f3 Bh6 13. Bxh6 Qxh6 14. f4 Nh5 15.
g3 e5 16. dxe5 dxe5 17. f5 Rad8 18. Nb3 Qg5 19. Qf2 Rd3 20. Rfd1 Rfd8 21. Rxd3
Rxd3 22. Rd1 Rxd1+ 23. Nxd1 Qg4 24. Nc3 b6 25. fxg6 hxg6 26. Qe2 Qg5 27. Qf3
Ng7 28. Kg2 Ne6 29. Ne2 Kg7 30. Qd3 Qe7 31. Qe3 Qd8 32. Qc3 Qd6 33. Nf4 Nd4 34.
Nd3 Nxb3 35. Qxb3 Qd4 36. Nf2 Nc5 37. Qc2 Qe3 38. b4 Ne6 39. Qd3 Qc1 40. Qd6
Qb2 41. h4 c5 42. b5 Qd4 43. Qd5 Qxd5 44. exd5 Nd8 45. Ng4 f6 46. Ne3 Nf7 47.
g4 Kh6 48. h5 gxh5 49. gxh5 Kxh5 50. Nf5 Kg4 51. Ne7 Nd6 52. Nc6 Nxc4 53. Nxa7
Ne3+ 0-1

[Event "Isthmia 2011"]
[Site "Vrachati"]
[Date "2011.08.19"]
[Round "2.24"]
[White "Fragkou, Eleni"]
[Black "Pountzas, Hrisanthos"]
[Result "0-1"]
[WhiteElo "1864"]
[BlackElo "2177"]
[PlyCount "72"]
[EventDate "2011.08.18"]

1. e4 c5 2. Nf3 d6 3. c3 Nf6 4. Be2 g6 5. O-O Bg7 6. Re1 O-O 7. Bf1 Nc6 8. h3
e5 9. d3 d5 10. Nbd2 d4 11. Nc4 Ne8 12. a4 f6 13. Qb3 Rf7 14. a5 Nc7 15. cxd4
cxd4 16. Bd2 Na6 17. Qb5 Be6 18. Rec1 Bf8 19. Be2 Bd7 20. Qb3 Rc8 21. Ne1 Nab4
22. Nc2 Nxc2 23. Rxc2 Be6 24. Qa4 Bd7 25. Qb3 Be6 26. Qa4 Bd7 27. Qb3 Rb8 28.
Rac1 Be6 29. Qa4 Qd7 30. Ra1 Qe7 31. f4 Qd7 32. fxe5 fxe5 33. b4 Bg7 34. b5 Nd8
35. Bb4 a6 36. bxa6 bxa6 0-1